MAHABHARATA QUEST THE ALEXANDER SECRET (Record no. 30763)
[ view plain ]
| 000 -LEADER | |
|---|---|
| fixed length control field | 00343nam a2200133Ia 4500 |
| 008 - FIXED-LENGTH DATA ELEMENTS--GENERAL INFORMATION | |
| fixed length control field | 240624s9999 xx 000 0 und d |
| 041 ## - LANGUAGE CODE | |
| Language code of text/sound track or separate title | eng |
| 082 ## - DEWEY DECIMAL CLASSIFICATION NUMBER | |
| Classification number | 823 DOY |
| 100 ## - MAIN ENTRY--PERSONAL NAME | |
| Personal name | DOYLE CHRISTOPHER C |
| 245 ## - TITLE STATEMENT | |
| Title | MAHABHARATA QUEST THE ALEXANDER SECRET |
| 260 ## - PUBLICATION, DISTRIBUTION, ETC. | |
| Date of publication, distribution, etc. | 2014 |
| Place of publication, distribution, etc. | Chennai |
| Name of publisher, distributor, etc. | Westland Ltd |
| 300 ## - PHYSICAL DESCRIPTION | |
| Extent | xxi, 355 p.; 23 cm. |
| 365 ## - TRADE PRICE | |
| Currency code | RS |
| Withdrawn status | Lost status | Damaged status | Not for loan | Home library | Current library | Shelving location | Date acquired | Cost, normal purchase price | Full call number | Barcode | Date last seen | Price effective from | Koha item type |
|---|---|---|---|---|---|---|---|---|---|---|---|---|---|
| IMTN | IMTN | Rack 40-A | 05/24/2018 | 295.00 | 823 DOY | 30763 | 06/24/2024 | 06/24/2024 | Books |